000 00415nam a2200157Ia 4500
008 230312s9999||||xx |||||||||||||| ||und||
020 _a9788131710005
082 _a621.3822
_bPRO-D
100 _aProakis,John.G
245 0 _aDigital Signal Processing
260 _bPearson Prentice Hall
_aIndia
_c2009
300 _a1136
546 _aEng.
650 _aEngineering
_vDiscrete-Time Signal and Systems
942 _cBK
999 _c6231
_d6231